书目信息 |
| 题名: |
变动中的民主
|
|
| 作者: | 猪口孝 编 ;林猛 译 | |
| 分册: | ||
| 出版信息: | 长春 吉林人民出版社 2005 |
|
| 页数: | 326页 | |
| 开本: | 21cm | |
| 丛书名: | 人文译丛 | |
| 单 册: | ||
| 中图分类: | D082 | |
| 科图分类: | ||
| 主题词: | 民主--研究 , 民主 | |
| 电子资源: | ||
| ISBN: | 7-206-03405-5 | |
| 000 | 01088oam2 2200313 45 | |
| 001 | 01200620000121 | |
| 005 | 20070113103758.68 | |
| 010 | @a7-206-03405-5@dCNY25.30 | |
| 092 | @aCN@b474946 | |
| 100 | @a20060416d2005 em y0chiy0121 ea | |
| 101 | 1 | @achi@c[eng] |
| 102 | @aCN@b220000 | |
| 105 | @ay z 000yy | |
| 200 | 1 | @a变动中的民主@9bian dong zhong de min zhu@f(日)猪口孝[等]编@g林猛等译 |
| 205 | @a2版 | |
| 210 | @a长春@c吉林人民出版社@d2005 | |
| 215 | @a326页@d21cm | |
| 225 | 2 | @a人文译丛@h第一辑 |
| 305 | @a版权由联合国大学免费授权 | |
| 330 | @a本书面对的,正是民主体制在发展变动过程中面临的诸多问题。作者们均是比较政治领域的知名学者,既具有扎实的政治分析功力,又多半具有融贯东西、兼容并蓄的治学经历,遂能敏锐地把握民主体制面临的各种问题,洞察西方民主模式发展演进的基本规律。 | |
| 461 | 0 | @12001 @a人文译丛 |
| 510 | 1 | @aThe changing nature of democracy@zeng |
| 606 | 0 | @a民主@x研究 |
| 606 | 0 | @a民主 |
| 690 | @aD082@v4 | |
| 701 | 0 | @a猪口孝@9zhu kou xiao@4编 |
| 702 | 0 | @a林猛@9lin meng@4译 |
| 801 | 0 | @aCN@bLZJBOOK@c20070113 |
| 905 | @a10447@dD082@e19 | |
| 变动中的民主/(日)猪口孝[等]编/林猛等译.-2版.-长春:吉林人民出版社,2005 |
| 326页;21cm.-(人文译丛.第一辑) |
| ISBN 7-206-03405-5:CNY25.30 |
| 本书面对的,正是民主体制在发展变动过程中面临的诸多问题。作者们均是比较政治领域的知名学者,既具有扎实的政治分析功力,又多半具有融贯东西、兼容并蓄的治学经历,遂能敏锐地把握民主体制面临的各种问题,洞察西方民主模式发展演进的基本规律。 |
| ● |
| 相关链接 |
|
|
|
|
正题名:变动中的民主
索取号:D082/19
 
预约/预借
| 序号 | 登录号 | 条形码 | 馆藏地/架位号 | 状态 | 备注 |
| 1 | 0557909 | 205579097 | 第一样本阅览室/ [索取号:D082/19] | 在馆 | |
| 2 | 0557910 | 205579104 | 第一借阅区/ [索取号:D082/19] | 在馆 | |
| 3 | 0557911 | 205579113 | 第一借阅区/ [索取号:D082/19] | 在馆 | |
| 4 | 0557912 | 205579122 | 第一借阅区/ [索取号:D082/19] | 在馆 | |
| 5 | 0557913 | 205579131 | 第一借阅区/ [索取号:D082/19] | 在馆 | |
| 6 | 0557914 | 205579140 | 第一借阅区/ [索取号:D082/19] | 在馆 | |
| 7 | 0557915 | 205579159 | 第一借阅区/ [索取号:D082/19] | 在馆 | |
| 8 | 0557916 | 205579168 | 第一借阅区/ [索取号:D082/19] | 在馆 |